| 000 | 00648nam a2200169 u 4500 | ||
|---|---|---|---|
| 001 | 000249809 | ||
| 003 | AM-YeHGA | ||
| 005 | 20250617125006.0 | ||
| 008 | 030721s1952 ai r 000 0 arm d | ||
| 040 | _aAM-YeHGA | ||
| 100 | 1 | _aՄարտիկյան, Աշոտ Կարապետի | |
| 245 | 1 | 0 |
_aԷլեկտրական մեքենաների վարպետները : _bԵրևանի էլեկտրատեխ. գ-նի նորարարների աշխատանքի փորձը / _cԱշոտ Մարտիկյան. |
| 260 |
_aԵրևան : _bՀայպետհրատ, _c1952. |
||
| 300 |
_a72 էջ : _bնկ. ; _c20 սմ. |
||
| 650 | 1 | 4 | _aԷլեկտրատեխնիկա |
| 090 | _c90692 | ||
| 999 |
_c89405 _d89405 |
||